LEADER 01377nam a2200253 i 4500 001 000000170908 003 CaOOAMICUS 005 20250604110833.0 008 080414s1970 it u000 u ita u 040 $aSeMil$bita 100 1 $aBausani, Alessandro <1921-1989>.$0(OLS)http://semarc/name/7770 245 13$aLe letterature del sud - est asiatico :$bbirmana, siamese, laotiana, cambogiana, viêtnamita, giavanese, malese-indonesiana, filippina /$cAlessandro Bausani dell'Ist. Univ. Orientale di Napoli - dell'Accademia dei Lincei. 260 $aMilano :$bAccademia,$ccopyr. 1970. 260 $aFirenze :$bSansoni,$ccopyr. 1970. 300 $a442 p. ;$c20 cm. 490 0 $aLe letterature del mondo : enciclopedia universale delle letterature ;$v37 650 4$aLetterature - Sud-Est asiatico.$0(OLS)http://semarc/subject/57746 830 3$aLe letterature del mondo ;$v37.$0(OLS)http://semarc/title/8394 850 $aSeMil 852 $aSeMil$W1$xVenegono$y1$m1R III 79$j257791$B121789$CSeMilBibl$Z2$F133063 $81 996 $6245$aLe letterature del sud - est asiatico :$bbirmana, siamese, laotiana, cambogiana, viêtnamita, giavanese, malese-indonesiana, filippina$9(OLS)http://semarc/title/244457 996 $6260$aFirenze :$bSansoni$9(OLS)http://semarc/publisher/29843 996 $6260$aMilano :$bAccademia$9(OLS)http://semarc/publisher/30912 LEADER 01266nam a2200301 i 4500 001 000000039764 003 CaOOAMICUS 005 20131001000000.0 008 131001s1992 it u000 u ita u 013 $a10920 020 $a88-399-0715-7 040 $aSeMil$bita 100 1 $aKerr, Fergus,$c.$0(OLS)http://semarc/name/19338 240 10$aTheology after Wittgenstein.$0(OLS)http://semarc/title/56816 245 13$aLa teologia dopo Wittgenstein /$cFergus Kerr. 260 $aBrescia :$bQueriniana,$c1992. 300 $a328 p. ;$c20 cm. 490 0 $aGiornale di teologia ;$v215 600 14$aWittgenstein, Ludwig.$0(OLS)http://semarc/subject/6402 650 4$aTeologia - Saggi.$0(OLS)http://semarc/subject/231 650 4$aTeologia - Storia - Sec. 20.-21.$0(OLS)http://semarc/subject/1193 830 0$aGiornale di teologia ;$v215.$0(OLS)http://semarc/title/419620 850 $aSeMil 852 $aSeMil$W1$xVenegono$y1$m2M III 615$j5919$B5919$CSeMilBibl$Z2$F5919 $81 961 $aOmaggio: Scuola Cattolica 996 $6020$a88-399-0715-7$9(OLS)http://semarc/number/9592 996 $6245$aLa teologia dopo Wittgenstein$9(OLS)http://semarc/title/56815 996 $6260$aBrescia :$bQueriniana$9(OLS)http://semarc/publisher/29615